Engineering Systems Integration (Record no. 11082)
[ view plain ]
| 000 -LEADER | |
|---|---|
| fixed length control field | 00654nam a2200133Ia 4500 |
| 008 - FIXED-LENGTH DATA ELEMENTS--GENERAL INFORMATION | |
| fixed length control field | 220615s9999||||xx |||||||||||||| ||und|| |
| 100 ## - MAIN ENTRY--PERSONAL NAME | |
| Personal name | Langford, Gary O. |
| 245 #0 - TITLE STATEMENT | |
| Title | Engineering Systems Integration |
| Remainder of title | Theory, Metrics, and Methods |
| 546 ## - LANGUAGE NOTE | |
| Language note | English[eng] |
| 650 ## - SUBJECT ADDED ENTRY--TOPICAL TERM | |
| Topical term or geographic name entry element | Management of IT||Engineering Management||Systems and Control Engineering||ENG||BUSINESS/MANAGEMENT||SCI-TECH||GENERALENGINEERING||INFORMATIONSCIENCE||STM||design||entities||hubble||objects||physical||process||recursive||space||telescope||thinking |
| 700 ## - ADDED ENTRY--PERSONAL NAME | |
| Personal name | Lindholm, Kyra |
| 856 ## - ELECTRONIC LOCATION AND ACCESS | |
| Uniform Resource Identifier | <a href="https://library.oapen.org/bitstream/20.500.12657/41768/4/9781439852880.pdf">https://library.oapen.org/bitstream/20.500.12657/41768/4/9781439852880.pdf</a> |
| 942 ## - ADDED ENTRY ELEMENTS (KOHA) | |
| Koha item type | E-Books |
| Withdrawn status | Lost status | Damaged status | Not for loan | Home library | Current library | Date acquired | Total Checkouts | Date last seen | Price effective from | Koha item type |
|---|---|---|---|---|---|---|---|---|---|---|
| Kerala University of Digital Sciences, Innovation and Technology Knowledge Centre | Kerala University of Digital Sciences, Innovation and Technology Knowledge Centre | 15/06/2022 | 15/06/2022 | 15/06/2022 | E-Books |